<?xml version="1.0" encoding="UTF-8"?><marc:collection xmlns:marc="http://www.loc.gov/MARC21/slim">
  <marc:record>
    <marc:leader>00000nas  2200000za 4500</marc:leader>
    <marc:controlfield tag="001">9.505866</marc:controlfield>
    <marc:controlfield tag="003">CaOODSP</marc:controlfield>
    <marc:controlfield tag="005">20230828130417</marc:controlfield>
    <marc:controlfield tag="007">cr |||||||||||</marc:controlfield>
    <marc:controlfield tag="008">150406d19992016qucar p o    f0   a0eng|d</marc:controlfield>
    <marc:datafield tag="020" ind1=" " ind2=" ">
      <marc:subfield code="z">978-0-662-44054-3</marc:subfield>
      <marc:subfield code="z">978-0-662-47294-0</marc:subfield>
      <marc:subfield code="z">978-1-100-11433-0</marc:subfield>
      <marc:subfield code="z">978-1-100-14495-5</marc:subfield>
      <marc:subfield code="z">978-1-100-17532-4</marc:subfield>
    </marc:datafield>
    <marc:datafield tag="022" ind1=" " ind2=" ">
      <marc:subfield code="a">1719-3478</marc:subfield>
      <marc:subfield code="y">1491-0624</marc:subfield>
    </marc:datafield>
    <marc:datafield tag="040" ind1=" " ind2=" ">
      <marc:subfield code="a">CaOODSP</marc:subfield>
      <marc:subfield code="b">eng</marc:subfield>
    </marc:datafield>
    <marc:datafield tag="043" ind1=" " ind2=" ">
      <marc:subfield code="a">n-cn---</marc:subfield>
    </marc:datafield>
    <marc:datafield tag="086" ind1="1" ind2=" ">
      <marc:subfield code="a">M141-10E-PDF</marc:subfield>
      <marc:subfield code="z">M92-73/1999E</marc:subfield>
      <marc:subfield code="z">M92-73/2001E</marc:subfield>
      <marc:subfield code="z">M92-73/2003E</marc:subfield>
      <marc:subfield code="z">M141-10/2004E</marc:subfield>
      <marc:subfield code="z">M141-10/2005E</marc:subfield>
      <marc:subfield code="z">M141-10/2006E-PDF</marc:subfield>
      <marc:subfield code="z">M141-10/2007E-PDF</marc:subfield>
      <marc:subfield code="z">M141-10/2008E-PDF</marc:subfield>
      <marc:subfield code="z">M141-10/2009E-PDF</marc:subfield>
      <marc:subfield code="z">M141-10/2010E-PDF</marc:subfield>
      <marc:subfield code="z">M141-10/2011E-PDF</marc:subfield>
      <marc:subfield code="z">M141-10/2012E-PDF</marc:subfield>
      <marc:subfield code="z">M141-10/2013E-PDF</marc:subfield>
    </marc:datafield>
    <marc:datafield tag="110" ind1="1" ind2=" ">
      <marc:subfield code="a">Canada.</marc:subfield>
      <marc:subfield code="b">Natural Resources Canada. </marc:subfield>
      <marc:subfield code="b">Office of Energy Efficiency.</marc:subfield>
    </marc:datafield>
    <marc:datafield tag="222" ind1=" " ind2="0">
      <marc:subfield code="a">Improving energy performance in Canada </marc:subfield>
      <marc:subfield code="b">(Online)</marc:subfield>
    </marc:datafield>
    <marc:datafield tag="245" ind1="1" ind2="0">
      <marc:subfield code="a">Improving energy performance in Canada </marc:subfield>
      <marc:subfield code="h">[electronic resource] : </marc:subfield>
      <marc:subfield code="b">report to Parliament under the Energy Efficiency Act. </marc:subfield>
    </marc:datafield>
    <marc:datafield tag="246" ind1="3" ind2="0">
      <marc:subfield code="a">Report to Parliament under the Energy Efficiency Act for the fiscal year ...</marc:subfield>
    </marc:datafield>
    <marc:datafield tag="260" ind1=" " ind2=" ">
      <marc:subfield code="a">Ottawa : </marc:subfield>
      <marc:subfield code="b">Natural Resources Canada, </marc:subfield>
      <marc:subfield code="c">2000-2017. </marc:subfield>
    </marc:datafield>
    <marc:datafield tag="310" ind1=" " ind2=" ">
      <marc:subfield code="a">Annual</marc:subfield>
    </marc:datafield>
    <marc:datafield tag="362" ind1="1" ind2=" ">
      <marc:subfield code="a">Began with 1997/1999; ceased with 2015/2016.</marc:subfield>
    </marc:datafield>
    <marc:datafield tag="500" ind1=" " ind2=" ">
      <marc:subfield code="a">Issued also in French under title: Améliorer le rendement énergétique au Canada, rapport au Parlement en vertu de la Loi sur l'efficacité énergétique.</marc:subfield>
    </marc:datafield>
    <marc:datafield tag="515" ind1=" " ind2=" ">
      <marc:subfield code="a">Report year ends Mar. 31.</marc:subfield>
    </marc:datafield>
    <marc:datafield tag="520" ind1="3" ind2=" ">
      <marc:subfield code="a">Describes what Natural Resources Canada (NRCan) has done to help improve Canada's energy efficiency and use of renewable energy.</marc:subfield>
    </marc:datafield>
    <marc:datafield tag="550" ind1=" " ind2=" ">
      <marc:subfield code="a">Issued by Office of Energy Efficiency.</marc:subfield>
    </marc:datafield>
    <marc:datafield tag="690" ind1="0" ind2="7">
      <marc:subfield code="a">Energy efficiency</marc:subfield>
      <marc:subfield code="2">gcpds</marc:subfield>
    </marc:datafield>
    <marc:datafield tag="775" ind1="0" ind2="8">
      <marc:subfield code="t">Améliorer le rendement énergétique au Canada </marc:subfield>
      <marc:subfield code="w">(CaOODSP)9.502270</marc:subfield>
    </marc:datafield>
    <marc:datafield tag="776" ind1="0" ind2="#">
      <marc:subfield code="t">Improving energy performance in Canada : </marc:subfield>
      <marc:subfield code="w">(CaOODSP)9.515647</marc:subfield>
    </marc:datafield>
    <marc:datafield tag="785" ind1="0" ind2="0">
      <marc:subfield code="t">Report to Parliament under the Energy Efficiency Act.</marc:subfield>
      <marc:subfield code="w">(CaOODSP)9.863927</marc:subfield>
    </marc:datafield>
  </marc:record>
</marc:collection>
